| 000 | 00535nam a2200181 a 4500 | ||
|---|---|---|---|
| 001 | 000027843 | ||
| 005 | 20200930031136.0 | ||
| 008 | 110405s1981 dr a 000 | spa d | ||
| 040 |
_aDO-SdBNP _bspa _cBNPHU |
||
| 082 |
_axxxx _bS254s, 1981 |
||
| 100 | 1 |
_aSatyananda Saraswati, _d1923- _954923 |
|
| 245 | 1 | 0 |
_aSendero al yoga / _cSatyananda Paramhansa. |
| 250 | _a2a ed. | ||
| 260 |
_aSanto Domingo : _bSatyanashram, _c1981. |
||
| 300 |
_a123 p. : _bil. ; _c21 cm. |
||
| 500 | _aIncluye glosario de palabras sanscritas. | ||
| 049 | _aBNPD | ||
| 999 |
_c27335 _d27335 |
||